000 00701cam a2200217 4500
001 ABS61339
008 000000n1999 000 0 eng u
035 _a(Sirsi) u100563
100 _aAmbrose, B.W.
245 4 _aThe maturing of REITS
260 _c1999
490 _aWharton Real Estate Review
_v3(2) Fall 1999, 37-68(17)
520 _aDiscusses recent changes in equity REITS which are indicative of the continuing development of the real estate capital market.
590 _aABS
650 _aREITS
650 _aUPREITS
650 _aPROPERTY INVESTMENT
690 _aPROPERTY-COMMERCIAL PROPERTY-COMMERCIAL PROPERTY FINANCE AND INVESTMENT
700 _aLinneman, P.
942 _n0
999 _c60158
_d60158